000 01249nam a2200421 a 4500
001 20439
003 VRT
005 20260122140805.0
008 960531q1995 xo p 000 0 slo c
020 _a8088834031 (brož.)
035 _aUKB000184610
040 _aBAA001
_bslo
_cBAA001
_eAACR2
041 1 _aslo
044 _axo
_cSK
080 _a881-93-31
080 _a82-93-32
243 1 0 _aStredoveká literatúra
245 1 0 _aProglas
_bantológia zo staroslovienskej a stredovekej literatúry
_c[prel. Peter Ratkoš ... et al.]
260 _aRohovce
_bInterpopulart Slovakia
_c[1995]
300 _a75 s
490 1 _aPopulart. Študentská knižnica
_v4
500 _aStredoveká literatúra
504 _aBibliogr. s. 74
650 0 7 _aliteratúra staroslovienska
650 0 7 _apróza
650 0 7 _aliteratúra stredoveká
650 0 7 _apróza
653 _a881-93-31
653 _a82-93-32
700 1 _aRatkoš, Peter
_4trl
760 1 _tPopulart. Študentská knižnica
830 0 _aPopulart. Študentská knižnica
_v4
910 _aukb
942 _2ddc
_cKLDO
_n0
949 _61800004755
_a30.D.64395
_bPV.1809-96
949 _61800006901
_a30.D.64395
_bKD.166-96
949 _61800004754
_aSL.D.23145
_bPV.1810-96
999 _c20439
_d20439